[Event "POL-ch Amateur"]
[Site "Wroclaw"]
[Date "2013.??.??"]
[Round "3"]
[White "Cygan, Miroslaw"]
[Black "Zysko, Teresa"]
[Result "1-0"]
[WhiteElo "1388"]
[BlackElo "1732"]
[PlyCount "103"]
[EventDate "2013.06.??"]
[EventType "swiss"]
[EventRounds "9"]
[EventCountry "POL"]
[SourceTitle "EXT 2014"]
[Source "ChessBase"]
[SourceDate "2013.11.20"]
[SourceVersion "1"]
[SourceVersionDate "2013.11.20"]
[SourceQuality "1"]

1. d4 d5 2. e3 Nf6 3. Nf3 Bf5 4. Bd3 e6 5. Bxf5 exf5 6. Nbd2 Nbd7 7. h3 Bd6 8. a3 0-0 9. 0-0 f4 10. Nb3 fxe3 11. Bxe3 Re8 12. Re1 c6 13. Bg5 h6 14. Bxf6 Qxf6 15. Qd3 Bc7 16. Re2 Rxe2 17. Qxe2 Qd8 18. Re1 Kf8 19. Qd3 Nf6 20. Qf5 Qd7 21. Qxd7 Nxd7 22. Nc5 Nxc5 23. dxc5 Re8 24. Rxe8+ Kxe8 25. Ne1 Ke7 26. Kf1 Kf6 27. Nd3 g5 28. Ke2 Ke6 29. Kf3 f5 30. g4 Bd8 31. Ke2 fxg4 32. hxg4 Be7 33. a4 Bf6 34. c3 d4 35. c4 b6 36. cxb6 axb6 37. b4 Be7 38. Kf3 c5 39. b5 h5 40. gxh5 Kf5 41. h6 Kg6 42. Ke4 Kxh6 43. Kd5 Kg6 44. Kc6 Bd8 45. Kd7 Kf5 46. Kxd8 Ke4 47. Nc1 d3 48. Nb3 Kf3 49. a5 bxa5 50. b6 a4 51. b7 axb3 52. b8Q 1-0

[Event "Wroclaw op-B 6th"]
[Site "Wroclaw"]
[Date "2011.07.04"]
[Round "1"]
[White "Bes, Michal"]
[Black "Zysko, Teresa"]
[Result "1/2-1/2"]
[WhiteElo "1906"]
[BlackElo "1715"]
[PlyCount "137"]
[EventDate "2011.07.04"]
[EventType "swiss"]
[EventRounds "9"]
[EventCountry "POL"]
[SourceTitle "EXT 2023"]
[Source "ChessBase"]
[SourceDate "2022.10.05"]
[SourceVersion "1"]
[SourceVersionDate "2022.10.05"]
[SourceQuality "1"]

1. e4 c5 2. c3 Nf6 3. e5 Nd5 4. d4 cxd4 5. Nf3 Nc6 6. cxd4 d6 7. Bc4 Nb6 8. Bxf7+ Kxf7 9. Ng5+ Kg8 10. e6 Qe8 11. Qf3 Nd8 12. d5 h6 13. Nh3 Nxd5 14. Qxd5 Bxe6 15. Qe4 Qc6 16. Nc3 Qxe4+ 17. Nxe4 Bxh3 18. gxh3 Rc8 19. Be3 a6 20. Rg1 Kf7 21. h4 e6 22. Rd1 d5 23. Nc3 Be7 24. h5 Bf6 25. Bd4 Nc6 26. Bxf6 gxf6 27. f4 Rhg8 28. Kf2 Rxg1 29. Rxg1 Rg8 30. Rd1 Ne7 31. Kf3 Rc8 32. Rd2 Nf5 33. Kg4 Rg8+ 34. Kf3 Rd8 35. Na4 Rc8 36. Nc3 d4 37. Ne4 e5 38. Nf2 Ne3 39. Ke4 Ke6 40. fxe5 fxe5 41. Kd3 Kd5 42. Ne4 Rf8 43. Re2 Rf3 44. Rf2 Rxf2 45. Nxf2 Nf5 46. Ne4 Nd6 47. Nf6+ Ke6 48. Ng4 Kf5 49. Nxh6+ Kg5 50. Ng8 Kxh5 51. Nf6+ Kg5 52. Nd5 Kf5 53. Ne7+ Ke6 54. Ng6 Kf6 55. Nf8 Ke7 56. Ng6+ Kf6 57. Nf8 Ke7 58. Ng6+ Kf6 59. Nh4 Kg5 60. Nf3+ Kf5 61. Nxd4+ exd4 62. Kxd4 Ke6 63. Kc5 Kd7 64. Kb6 Kc8 65. b4 Nf5 66. a4 Nh4 67. b5 axb5 68. Kxb5 Kb8 69. Kb6 1/2-1/2

[Event "POL-ch Amateurs"]
[Site "Wroclaw"]
[Date "2011.07.03"]
[Round "6"]
[White "Wasylkiewicz, Andrzej"]
[Black "Zysko, Teresa"]
[Result "0-1"]
[WhiteElo "1980"]
[BlackElo "1715"]
[PlyCount "78"]
[EventDate "2011.07.01"]
[EventType "swiss"]
[EventRounds "7"]
[EventCountry "POL"]
[SourceTitle "EXT 2023"]
[Source "ChessBase"]
[SourceDate "2022.10.05"]
[SourceVersion "1"]
[SourceVersionDate "2022.10.05"]
[SourceQuality "1"]

1. e4 c5 2. Nc3 e6 3. Qe2 Be7 4. g3 Nc6 5. Nf3 d6 6. Bg2 Bd7 7. d3 Nf6 8. h3 0-0 9. Be3 Rb8 10. Qd2 a6 11. g4 b5 12. Ne2 b4 13. Ng3 a5 14. g5 Ne8 15. h4 a4 16. h5 Qa5 17. g6 Bf6 18. d4 cxd4 19. Nxd4 Nxd4 20. Bxd4 Bxd4 21. Qxd4 b3+ 22. c3 e5 23. Qd2 Be6 24. a3 Qc5 25. h6 fxg6 26. hxg7 Rf7 27. f3 Rd8 28. 0-0-0 d5 29. Rxh7 Kxh7 30. Rh1+ Kxg7 31. Qg5 Qf2 32. Kb1 Qc2+ 33. Ka1 dxe4 34. Qh6+ Kf6 35. Qh4+ g5 36. Nxe4+ Ke7 37. Qxg5+ Nf6 38. Qc1 Qxc1+ 39. Rxc1 Nxe4 0-1

[Event "POL-ch Amateurs"]
[Site "Wroclaw"]
[Date "2011.07.01"]
[Round "1"]
[White "Cymbala, Ireneusz"]
[Black "Zysko, Teresa"]
[Result "0-1"]
[WhiteElo "1948"]
[BlackElo "1715"]
[PlyCount "118"]
[EventDate "2011.07.01"]
[EventType "swiss"]
[EventRounds "7"]
[EventCountry "POL"]
[SourceTitle "EXT 2023"]
[Source "ChessBase"]
[SourceDate "2022.10.05"]
[SourceVersion "1"]
[SourceVersionDate "2022.10.05"]
[SourceQuality "1"]

1. e4 c5 2. Nf3 e6 3. d4 cxd4 4. Nxd4 a6 5. Nc3 Qc7 6. Bd3 Nf6 7. 0-0 Nc6 8. Nxc6 dxc6 9. f4 e5 10. fxe5 Qxe5 11. Kh1 Bg4 12. Qe1 g5 13. Qf2 Be7 14. Be3 Rd8 15. Ne2 Bxe2 16. Bxe2 0-0 17. Qf5 Qxf5 18. Rxf5 h6 19. Raf1 Kg7 20. Bc4 Rd7 21. e5 Nd5 22. Bd4 Nf4 23. Bc3 Kg6 24. g4 b5 25. e6 Rdd8 26. Ba5 Rd4 27. Bb3 fxe6 28. Rxf8 Bxf8 29. c3 Rd2 30. Bb6 Bd6 31. Be3 Rxb2 32. h4 e5 33. h5+ Kf6 34. c4 Re2 35. Bb6 Re4 36. Rd1 Bb4 37. cxb5 axb5 38. Rc1 Re1+ 39. Rxe1 Bxe1 40. Kg1 Bb4 41. Bd8+ Be7 42. Bc7 c5 43. Kf2 c4 44. Bc2 Nd5 45. Ba5 Ke6 46. Kf3 b4 47. Be4 Nc3 48. Bf5+ Kd5 49. a3 e4+ 50. Ke3 Bc5+ 51. Kd2 Nb1+ 52. Kc1 Nxa3 53. Bd8 Bf8 54. Bf6 Nb5 55. Bg6 Nd6 56. Bh7 e3 57. Kd1 Ne4 58. Bg8+ Kc5 59. Ke2 Nxf6 0-1

[Event "Polanica Zdroj op-B 45th"]
[Site "Polanica Zdroj"]
[Date "2009.08.27"]
[Round "10"]
[White "Zysko, Teresa"]
[Black "Dadello, Aleksandra"]
[Result "1-0"]
[WhiteElo "1699"]
[BlackElo "1731"]
[PlyCount "93"]
[EventDate "2009.08.18"]
[EventType "swiss"]
[EventRounds "10"]
[EventCountry "POL"]
[SourceTitle "CBM 131 Extra"]
[Source "ChessBase"]
[SourceDate "2009.09.03"]
[SourceVersion "2"]
[SourceVersionDate "2009.09.16"]
[SourceQuality "1"]

1. e4 e5 2. Nf3 Nc6 3. Bb5 a6 4. Ba4 Nf6 5. 0-0 b5 6. Bb3 Bc5 7. d3 d6 8. c3 0-0 9. Re1 Re8 10. Be3 Bxe3 11. fxe3 Be6 12. Bc2 d5 13. exd5 Nxd5 14. Nbd2 f5 15. Nb3 Qf6 16. Nc5 Bf7 17. e4 fxe4 18. Nxe4 Qg6 19. Qd2 Rad8 20. Neg5 Nf4 21. d4 Qh5 22. Bxh7+ Kh8 23. Nxf7+ Qxf7 24. Be4 Na5 25. Qf2 exd4 26. Ng5 Qf6 27. Qh4+ Kg8 28. Qh7+ Kf8 29. Qh8+ Ke7 30. Bg6+ Kd6 31. Rxe8 Rxe8 32. Qxe8 Qxg5 33. Qf8+ Kc6 34. Be4+ Kd7 35. Re1 Nh3+ 36. Kh1 Nf4 37. Bf5+ Kc6 38. Qe8+ Kb7 39. Qe4+ Kb8 40. cxd4 Nc4 41. Qe8+ Kb7 42. Be4+ Kb6 43. Qc6+ Ka5 44. Qxc7+ Kb4 45. b3 Nb2 46. Qc2 Ka3 47. b4 1-0

[Event "Polanica Zdroj op-C 44th"]
[Site "Polanica Zdroj"]
[Date "2008.08.24"]
[Round "6"]
[White "Brozek, Lukasz"]
[Black "Zysko, Teresa"]
[Result "1/2-1/2"]
[WhiteElo "1889"]
[BlackElo "1700"]
[PlyCount "47"]
[EventDate "2008.08.19"]
[EventType "swiss"]
[EventRounds "9"]
[EventCountry "POL"]
[SourceTitle "CBM 126 Extra"]
[Source "ChessBase"]
[SourceDate "2008.11.05"]
[SourceVersion "1"]
[SourceVersionDate "2008.11.05"]
[SourceQuality "1"]

1. e4 c5 2. Nf3 e6 3. Nc3 Nc6 4. d4 cxd4 5. Nxd4 Qc7 6. g3 a6 7. Bg2 Nf6 8. Be3 Be7 9. 0-0 Ne5 10. h3 0-0 11. Nb3 Nc4 12. Bc1 Rb8 13. f4 d6 14. g4 Rd8 15. g5 Nd7 16. f5 Nde5 17. Nd4 b5 18. Nce2 d5 19. exd5 exd5 20. h4 Ng4 21. Rf3 Qh2+ 22. Kf1 Qxh4 23. Kg1 Qh2+ 24. Kf1 1/2-1/2

[Event "Polanica Zdroj op-C 44th"]
[Site "Polanica Zdroj"]
[Date "2008.08.20"]
[Round "2"]
[White "Zysko, Teresa"]
[Black "Gadek, Michal"]
[Result "0-1"]
[WhiteElo "1700"]
[BlackElo "1829"]
[PlyCount "48"]
[EventDate "2008.08.19"]
[EventType "swiss"]
[EventRounds "9"]
[EventCountry "POL"]
[SourceTitle "CBM 126 Extra"]
[Source "ChessBase"]
[SourceDate "2008.11.05"]
[SourceVersion "1"]
[SourceVersionDate "2008.11.05"]
[SourceQuality "1"]

1. e4 c5 2. Nf3 Nc6 3. d4 cxd4 4. Nxd4 Nf6 5. Nc3 e6 6. Ndb5 Bb4 7. a3 Bxc3+ 8. Nxc3 d5 9. exd5 exd5 10. Bg5 0-0 11. Bxf6 Re8+ 12. Be2 Qxf6 13. 0-0 d4 14. Nd5 Qe5 15. Bf3 Bf5 16. Re1 Qxe1+ 17. Qxe1 Rxe1+ 18. Rxe1 Bxc2 19. Ne7+ Kf8 20. Nxc6 bxc6 21. Bxc6 Rc8 22. Bf3 d3 23. b4 d2 24. Ra1 Ba4 0-1

[Event "Wroclaw Polonia op 3rd"]
[Site "Wroclaw"]
[Date "2008.06.25"]
[Round "7"]
[White "Zysko, Teresa"]
[Black "Rogalski, Krzysztof"]
[Result "1-0"]
[WhiteElo "1733"]
[BlackElo "1894"]
[PlyCount "24"]
[EventDate "2008.06.21"]
[EventType "swiss"]
[EventRounds "9"]
[EventCountry "POL"]
[SourceTitle "CBM 125 Extra"]
[Source "ChessBase"]
[SourceDate "2008.09.01"]
[SourceVersion "1"]
[SourceVersionDate "2008.09.01"]
[SourceQuality "1"]

1. e4 e5 2. Nf3 Nf6 3. Nxe5 Qe7 4. Nf3 Nxe4 5. Be2 d5 6. 0-0 Nc5 7. Re1 Ne6 8. d4 Nd7 9. c4 dxc4 10. d5 Nb6 11. dxe6 Bxe6 12. Nbd2 0-0-0 1-0

[Event "Wroclaw Polonia op 3rd"]
[Site "Wroclaw"]
[Date "2008.06.21"]
[Round "1.37"]
[White "Brudzinski, Maciej"]
[Black "Zysko, Teresa"]
[Result "0-1"]
[WhiteElo "2114"]
[BlackElo "1733"]
[PlyCount "66"]
[EventDate "2008.06.21"]
[EventType "swiss"]
[EventRounds "9"]
[EventCountry "POL"]
[SourceTitle "CBM 125 Extra"]
[Source "ChessBase"]
[SourceDate "2008.09.01"]
[SourceVersion "1"]
[SourceVersionDate "2008.09.01"]
[SourceQuality "1"]

1. e4 c5 2. d4 cxd4 3. c3 Nf6 4. e5 Nd5 5. cxd4 d6 6. Bb5+ Bd7 7. Qa4 e6 8. Nf3 Nc6 9. Bg5 Be7 10. h4 a6 11. Bxe7 Qxe7 12. exd6 Qxd6 13. Nbd2 0-0 14. Be2 Nf4 15. Ne4 Qb4+ 16. Qxb4 Nxb4 17. Kf1 Nxe2 18. Kxe2 Bc6 19. Nc3 Rfd8 20. Ne5 Bxg2 21. Rhg1 Bd5 22. a3 Nc6 23. Nxd5 Nxd4+ 24. Kf1 Rxd5 25. Ng4 Kf8 26. Rc1 Nc6 27. Ne3 Rd7 28. h5 Rad8 29. h6 g6 30. Rg3 f5 31. Rc3 Ne5 32. Rh3 Ke7 33. Kg2 Rd3 0-1

[Event "Polanica Zdroj op-B 43rd"]
[Site "Polanica Zdroj"]
[Date "2007.08.24"]
[Round "8"]
[White "Zysko, Teresa"]
[Black "Dadello, Krzysztof"]
[Result "0-1"]
[WhiteElo "1727"]
[BlackElo "1835"]
[PlyCount "64"]
[EventDate "2007.08.17"]
[EventType "swiss"]
[EventRounds "10"]
[EventCountry "POL"]
[SourceTitle "CBM 120 Extra"]
[Source "ChessBase"]
[SourceDate "2007.11.01"]
[SourceVersion "1"]
[SourceVersionDate "2007.11.01"]
[SourceQuality "1"]

1. e4 e5 2. Nf3 Nc6 3. Bb5 a6 4. Ba4 Nf6 5. 0-0 Be7 6. Re1 b5 7. Bb3 0-0 8. c3 d6 9. h3 Na5 10. Bc2 c5 11. d4 cxd4 12. cxd4 Bb7 13. Nbd2 Rc8 14. dxe5 dxe5 15. Nxe5 Qc7 16. Nxf7 Qxc2 17. Ng5 Qxd1 18. Rxd1 Bc5 19. e5 Bxf2+ 20. Kxf2 Ne4+ 21. Kg1 Nxg5 22. b4 Nc6 23. Nb3 Ne4 24. Rd7 Rcd8 25. Rxb7 Rd1+ 26. Kh2 Rff1 27. Rxg7+ Kxg7 28. Bh6+ Kxh6 29. Rxd1 Rxd1 30. e6 Ng5 31. Nc5 Re1 32. Nxa6 Nxe6 0-1

[Event "Polanica Zdroj op-B 43rd"]
[Site "Polanica Zdroj"]
[Date "2007.08.21"]
[Round "5"]
[White "Zysko, Teresa"]
[Black "Milaszewski, Henryk"]
[Result "0-1"]
[WhiteElo "1727"]
[BlackElo "2019"]
[PlyCount "74"]
[EventDate "2007.08.17"]
[EventType "swiss"]
[EventRounds "10"]
[EventCountry "POL"]
[SourceTitle "CBM 120 Extra"]
[Source "ChessBase"]
[SourceDate "2007.11.01"]
[SourceVersion "1"]
[SourceVersionDate "2007.11.01"]
[SourceQuality "1"]

1. e4 g6 2. d4 Bg7 3. Nf3 d6 4. Nc3 Nf6 5. Bc4 a6 6. a3 0-0 7. h3 b5 8. Ba2 Bb7 9. Qe2 Nbd7 10. 0-0 h6 11. Re1 e5 12. dxe5 Nxe5 13. Nxe5 dxe5 14. Be3 Re8 15. Bc5 Nd7 16. Rad1 Qc8 17. Be3 Nf8 18. Rd3 Ne6 19. Qd2 g5 20. Rd1 c5 21. Bd5 Rb8 22. Bxb7 Rxb7 23. a4 b4 24. Ne2 Qc6 25. Rd7 Qxe4 26. Rd5 Rc7 27. Ng3 Qg6 28. Rd6 f5 29. Bxc5 Rxc5 30. Qxb4 Rxc2 31. Qb3 Rec8 32. Rxa6 Qf7 33. Rdd6 Nd4 34. Qxf7+ Kxf7 35. Nh5 Ne6 36. Nxg7 Nxg7 37. Kf1 Rc1+ 0-1

[Event "Polanica Zdroj op-B 43rd"]
[Site "Polanica Zdroj"]
[Date "2007.08.17"]
[Round "1"]
[White "Zysko, Teresa"]
[Black "Minko, Janusz"]
[Result "0-1"]
[WhiteElo "1727"]
[BlackElo "1994"]
[PlyCount "100"]
[EventDate "2007.08.17"]
[EventType "swiss"]
[EventRounds "10"]
[EventCountry "POL"]
[SourceTitle "CBM 120 Extra"]
[Source "ChessBase"]
[SourceDate "2007.11.01"]
[SourceVersion "1"]
[SourceVersionDate "2007.11.01"]
[SourceQuality "1"]

1. e4 c5 2. Nf3 d6 3. d4 cxd4 4. Nxd4 Nf6 5. Nc3 a6 6. Bg5 Nc6 7. Be2 Qa5 8. Bxf6 gxf6 9. Nb3 Qg5 10. Nd5 Kd8 11. g3 Qe5 12. Nc3 Qg5 13. f4 Qg6 14. Bh5 Qh6 15. Bxf7 Bd7 16. Qd5 Qh3 17. 0-0-0 e6 18. Qd3 Rc8 19. Nd4 Ke7 20. Nf5+ Kxf7 21. Nxd6+ Bxd6 22. Qxd6 Rhd8 23. Qc5 Qg2 24. Qb6 Ke8 25. Qxb7 Nd4 26. Rxd4 Qxh1+ 27. Rd1 Qf3 28. Rxd7 Qf1+ 29. Rd1 Rxd1+ 30. Nxd1 Rd8 31. Qc6+ Ke7 32. Qc7+ Rd7 33. Qc5+ Kf7 34. Qh5+ Kf8 35. Qc5+ Kg7 36. Qh5 Kf8 37. b3 Qe1 38. Qc5+ Kg7 39. Qh5 Qd2+ 40. Kb2 Qxd1 41. Qe8 Qd4+ 42. Kb1 Qd6 43. e5 fxe5 44. fxe5 Qd5 45. Kb2 Rf7 46. Qb8 Qd4+ 47. Ka3 Qc5+ 48. Kb2 Rc7 49. Qd8 Qc3+ 50. Ka3 Qa5+ 0-1

[Event "POL Academic Cup 2nd"]
[Site "Wroclaw"]
[Date "2007.05.02"]
[Round "7"]
[White "Idczak, Rafal"]
[Black "Zysko, Teresa"]
[Result "1-0"]
[WhiteElo "1856"]
[BlackElo "1704"]
[PlyCount "47"]
[EventDate "2007.04.28"]
[EventType "swiss"]
[EventRounds "9"]
[EventCountry "POL"]
[SourceTitle "EXT 2011"]
[Source "ChessBase"]
[SourceDate "2010.11.26"]
[SourceVersion "1"]
[SourceVersionDate "2010.11.26"]
[SourceQuality "1"]

1. e4 c5 2. Nf3 e6 3. d4 cxd4 4. Nxd4 a6 5. Nc3 Qc7 6. Be2 Nf6 7. 0-0 Be7 8. Be3 0-0 9. Qd3 Nc6 10. f4 Nb4 11. Qd2 Nc6 12. e5 Ne8 13. Rad1 d6 14. Rf3 dxe5 15. Nxc6 Qxc6 16. fxe5 Nc7 17. Rh3 Rd8 18. Bd3 g6 19. Bf2 Bf8 20. Qg5 Qe8 21. Ne4 Nd5 22. c4 h6 23. cxd5 hxg5 24. Nf6+ 1-0

[Event "POL Academic Cup 2nd"]
[Site "Wroclaw"]
[Date "2007.04.30"]
[Round "4"]
[White "Kmiecik, Emilia"]
[Black "Zysko, Teresa"]
[Result "1/2-1/2"]
[WhiteElo "1879"]
[BlackElo "1704"]
[PlyCount "82"]
[EventDate "2007.04.28"]
[EventType "swiss"]
[EventRounds "9"]
[EventCountry "POL"]
[SourceTitle "EXT 2011"]
[Source "ChessBase"]
[SourceDate "2010.11.26"]
[SourceVersion "1"]
[SourceVersionDate "2010.11.26"]
[SourceQuality "1"]

1. d4 d5 2. c4 e6 3. e3 Nf6 4. Nc3 Be7 5. Nf3 0-0 6. Be2 Nbd7 7. 0-0 dxc4 8. Bxc4 c5 9. Qe2 cxd4 10. Nxd4 Nb6 11. Bb3 Bd7 12. Rd1 Qc7 13. Bd2 Rac8 14. Rac1 Qb8 15. e4 e5 16. Nf5 Bxf5 17. exf5 Rfd8 18. Bg5 Rxd1+ 19. Rxd1 Rd8 20. Re1 Nbd7 21. Qc4 Rf8 22. Be3 b6 23. g4 e4 24. Nxe4 Nxg4 25. Ng3 Nxe3 26. Rxe3 Bc5 27. Rc3 Nf6 28. Kg2 Qb7+ 29. f3 Re8 30. Ba4 Rd8 31. b4 Rd4 32. Qe2 Rxb4 33. Bb3 Qd7 34. Ne4 Nxe4 35. fxe4 Qd4 36. Rc4 Qg1+ 37. Kh3 Rxc4 38. Bxc4 Bd6 39. e5 Bc5 40. e6 Be7 41. exf7+ Kf8 1/2-1/2

[Event "Wroclaw-ch 54th"]
[Site "Wroclaw"]
[Date "2006.07.31"]
[Round "1"]
[White "Zysko, Teresa"]
[Black "Radzicki, Wieslaw"]
[Result "0-1"]
[WhiteElo "1721"]
[BlackElo "2039"]
[PlyCount "71"]
[EventDate "2006.07.31"]
[EventType "swiss"]
[EventRounds "9"]
[EventCountry "POL"]
[SourceTitle "CBM 113 Extra"]
[Source "ChessBase"]
[SourceDate "2006.09.14"]
[SourceVersion "1"]
[SourceVersionDate "2006.09.14"]
[SourceQuality "1"]

1. e4 c5 2. Nf3 e6 3. d4 cxd4 4. Nxd4 Nc6 5. Nc3 a6 6. g3 Qc7 7. Bg2 Nf6 8. 0-0 Nxd4 9. Qxd4 Bc5 10. Qd3 0-0 11. Be3 d6 12. h3 Rb8 13. Rfe1 b5 14. Bxc5 dxc5 15. Rad1 b4 16. Nb1 Rb6 17. e5 c4 18. Qe3 Nd7 19. f4 Nc5 20. Rd4 Na4 21. b3 Nb2 22. Nd2 Rb5 23. Nxc4 Nxc4 24. Rxc4 Qa5 25. Rd1 Bb7 26. Bxb7 Rxb7 27. Rcd4 Qxa2 28. Qd3 g6 29. Rd8 Rb8 30. Rd6 Rbc8 31. Rxa6 Qxc2 32. Rb6 Qb2 33. Rd2 Qa1+ 34. Rd1 Rc1 35. Rd6 Qa7+ 36. Qd4 0-1